[Event "Maringa op 4th"]
[Site "Maringa"]
[Date "2014.08.21"]
[Round "3"]
[White "Rapouso, Ricardo Luis Borba"]
[Black "Silva, Darcy Antonio"]
[Result "1-0"]
[WhiteElo "1915"]
[BlackElo "1825"]
[PlyCount "49"]
[EventDate "2014.08.20"]
[EventType "swiss"]
[EventRounds "9"]
[EventCountry "BRA"]
[SourceTitle "EXT 2015"]
[Source "ChessBase"]
[SourceDate "2014.11.20"]
[SourceVersion "1"]
[SourceVersionDate "2014.11.20"]
[SourceQuality "1"]

1. d4 e6 2. c4 Nf6 3. Nf3 d5 4. Nc3 dxc4 5. e3 Nc6 6. Bxc4 Bb4 7. 0-0 a6 8. Bd3 Ne7 9. Qa4+ Nc6 10. Ne5 Qd6 11. Nxc6 bxc6 12. Ne4 Nxe4 13. Bxe4 Bd7 14. a3 Rb8 15. axb4 Rxb4 16. Qxa6 Ke7 17. b3 Kf6 18. Ba3 Rhb8 19. Bxb4 Rxb4 20. Qa3 Ke7 21. Rfc1 f5 22. Bf3 g5 23. Rc4 Rxc4 24. Qxd6+ cxd6 25. bxc4 1-0

[Event "BRA-ch Amateur"]
[Site "Sao Paulo"]
[Date "2013.02.11"]
[Round "5"]
[White "Pereira, Daniele Costa"]
[Black "Silva, Darcy Antonio"]
[Result "1/2-1/2"]
[WhiteElo "1605"]
[BlackElo "1543"]
[PlyCount "81"]
[EventDate "2013.02.09"]
[EventType "swiss"]
[EventRounds "7"]
[EventCountry "BRA"]
[SourceTitle "CBM 152 Extra"]
[Source "ChessBase"]
[SourceDate "2013.02.25"]
[SourceVersion "1"]
[SourceVersionDate "2013.02.25"]
[SourceQuality "1"]

1. d4 Nf6 2. c4 c6 3. Nc3 d5 4. Nf3 Bf5 5. Qb3 Qb6 6. Bf4 dxc4 7. Qxb6 axb6 8. e3 b5 9. Be2 e6 10. 0-0 Be7 11. h3 0-0 12. Nh4 Bd3 13. Bxd3 cxd3 14. Nf3 Nbd7 15. a3 b4 16. axb4 Bxb4 17. Rad1 Bxc3 18. bxc3 Nd5 19. Rxd3 Nxf4 20. exf4 Ra3 21. Ne5 Nf6 22. c4 Rxd3 23. Nxd3 Rd8 24. Nc5 Rxd4 25. Nxb7 Rxc4 26. Na5 Rxf4 27. Nxc6 Nd5 28. Ne5 Re4 29. Rb1 g6 30. Nf3 Kg7 31. Rb7 h6 32. Nd2 Re2 33. Nc4 Re4 34. Rxf7+ Kxf7 35. Nd6+ Ke7 36. Nxe4 Nf6 37. f3 Nxe4 38. fxe4 Kf6 39. Kf2 h5 40. Kf3 g5 41. g3 1/2-1/2